000 00988nam a22002297a 4500
999 _c7963
_d7963
003 AR-CdUCM
008 190321b ||||| |||| 00| 0 spa d
020 _a9786034540019
040 _aMUNICIPALIDAD PROVINCIAL DEL CUSCO
_cBIBLIOTECA MUNICIPAL DEL CUSCO
082 _a782.25 /
_bW4
245 _aWillka taki /
_bRicardo Castro Pinto
260 _aCusco :
_bUnión latina,
_c2008.
300 _a2 tomos ;
_c21 cm.
_e+ 01 CD.
500 _aCorrección musical y quechua: Samuell Castro Yrrarazábal. Transcripción de textos: Aida María Ocampo Delahaza. Transcripción digital de partituras: Jean Paul Flores y dako.
505 _aContenido: Tomo 1: Taytanchisman takikuna = Canciones a nuestro Señor
505 _aTomo 2: Mamanchisman takikuna = Canciones a la Virgen.
650 _aCantos religiosos - Cusco
_922500
650 _aCantos en quechua - Religión - Cusco
_922501
700 _aCastro Pinto, Ricardo (Compilador)
_922502
942 _2ddc
_cLIBROS
945 _alccs